McDougal Littell economics : concepts and choices

Salvato in:
Dettagli Bibliografici
Autore principale: Littell, McDougal
Natura: Libro
Pubblicazione: Evanston, Ill. : McDougal Littell, ©2008.
Soggetti:
Tags: Aggiungi Tag
Nessun Tag, puoi essere il primo ad aggiungerne!!

MARC

LEADER 00000nam a22000007a 4500
005 20251003135552.0
020 |a 9780618905522  |c TZS 10,000/= 
040 |a MCCL  |b eng.  |e AACR 2nd rev. ed. 
082 |a 330 LIT 
100 |a Littell, McDougal  
245 |a  McDougal Littell economics :   |b concepts and choices  |c / McDougal Littell 
260 |a Evanston, Ill. :  |b McDougal Littell,   |c ©2008. 
300 |a Various pagings :  |b col. ill. ;  |c 30 cm. 
504 |a Includes index 
546 |a eng. 
650 |a Economics 
700 |a Littell, McDougal  
942 |c BK 
999 |c 11740  |d 11740